000 00583nam a22001817a 4500
005 20160114130050.0
010 _aENG-114404
020 _a9789351436133
_c395.00
035 _aEN-97936
037 _bDBAD/PUB
082 _a000
245 _aJigeesha's mock tests for Civil Services (preliminary) examination
260 _aGurgaon
_bLexisNexis
_c(201?)
270 _a14th Floor, Building No.10, Tower-B, DLF Cyber City, Phase-II
_bGurgaon
_e122002
300 _avarious pagings
_c25cm(pbk)
490 _aCATAPULT test prep series
942 _2ddc
_cEN
_mJIG
_h000
999 _c97955
_d97955